Bank of Scotland plc v King and others (Record no. 80213)

MARC details
000 -LEADER
fixed length control field 01948cab a22002175a 4500
001 - CONTROL NUMBER
control field L143555
008 - FIXED-LENGTH DATA ELEMENTS--GENERAL INFORMATION
fixed length control field 080516e20071123xxk f v 000 0 eng d
035 ## - SYSTEM CONTROL NUMBER
System control number (Sirsi) u143555
041 0# - LANGUAGE CODE
Language code of text/sound track or separate title eng
245 00 - TITLE STATEMENT
Title Bank of Scotland plc v King and others
Medium [electronic resource]
260 ## - PUBLICATION, DISTRIBUTION, ETC.
Date of publication, distribution, etc. 2008
520 ## - SUMMARY, ETC.
Summary, etc. [2007] EWHC 2747 (Ch), 23 November 2007. Considers whether a form of transfer deposited with a bank had been executed or delivered in escrow. The first defendant (K) had negotiated to purchase a property belonging to the second and third defendants (O). The claimant bank (B) had advanced the purchase price in exchange for which K executed a mortgage deed giving B a full title guarantee. A telephone exchange of contracts occurred between O and K, including Land Registry form TR1. O subsequently wrote to K stating that the terms of the contract had not been met and that the contracts were cancelled. B sought declaratory relief stating that the property was charged with a mortgage. O contended the TR1 document had been held in escrow on condition that K paid the purchase price which he had not done. "Held": The deed was sent from O's solicitors to K's solicitors, with nothing to imply conditionality to its execution. O would have known that B would not release money to K unless the transfer of the house was agreed. Even if the title remained vested in O, B was entitled to have its mortgage charge registered. Judgment for the claimant.
590 ## - LOCAL NOTE (RLIN)
Local note KA
650 24 - SUBJECT ADDED ENTRY--TOPICAL TERM
Topical term or geographic name entry element BANK OF SCOTLAND PLC V KING
650 24 - SUBJECT ADDED ENTRY--TOPICAL TERM
Topical term or geographic name entry element THOMPSON V MCCULLOUGH
651 #4 - SUBJECT ADDED ENTRY--GEOGRAPHIC NAME
Geographic name England and Wales
Chronological subdivision 1543-
690 ## - LOCAL SUBJECT ADDED ENTRY--TOPICAL TERM (OCLC, RLIN)
Topical term or geographic name as entry element PROPERTY-RESIDENTIAL PROPERTY-RESIDENTIAL PROPERTY FINANCE AND INVESTMENT-MORTGAGING RESIDENTIAL PROPERTY
690 ## - LOCAL SUBJECT ADDED ENTRY--TOPICAL TERM (OCLC, RLIN)
Topical term or geographic name as entry element PROPERTY-RESIDENTIAL PROPERTY-ACQUISITION AND DISPOSAL OF RESIDENTIAL PROPERTY
856 40 - ELECTRONIC LOCATION AND ACCESS
Uniform Resource Identifier <a href="https://www.bailii.org/ew/cases/EWHC/Ch/2007/2747.html">https://www.bailii.org/ew/cases/EWHC/Ch/2007/2747.html</a>
Public note View the judgment free of charge at www.bailii.org...
942 ## - ADDED ENTRY ELEMENTS (KOHA)
Suppress in OPAC 0
Holdings
Withdrawn status Lost status Source of classification or shelving scheme Damaged status Not for loan Home library Current library Shelving location Date acquired Total Checkouts Full call number Barcode Date last seen Copy number Price effective from Koha item type
    Dewey Decimal Classification     Virtual Virtual Online 16/05/2008   ONLINE PUBLICATION 143555-1001 06/08/2019 1 06/08/2019 Journal article